Bulharsko na cestě k tržnímu hospodářství.

Politická a hospodárska situácia v Bulharsku v r. 1991-1993. Uskutočňovanie programu transformácie ekonomiky a opatrenia pre zavádzanie trhového hospodárstva. Čiastkové úspechy dosiahnuté v prvej fáze hospodárskej reformy. Problémy vyplývajúce zo zahraničnej zadlženosti. Nepriaznivý vplyv občianskej...

Full description

Saved in:
Bibliographic Details
Main Author: Langer, Alexandr
Format: Book Chapter
Language:Czech
Subjects:
Tags: Add Tag
No Tags, Be the first to tag this record!

MARC

LEADER 00000naa a2200000 4500
001 r013035
005 20221213081832.0
041 0 |a cze 
044 |a CZ 
245 1 0 |a Bulharsko na cestě k tržnímu hospodářství.  |c Alexandr Langer 
520 |a Politická a hospodárska situácia v Bulharsku v r. 1991-1993. Uskutočňovanie programu transformácie ekonomiky a opatrenia pre zavádzanie trhového hospodárstva. Čiastkové úspechy dosiahnuté v prvej fáze hospodárskej reformy. Problémy vyplývajúce zo zahraničnej zadlženosti. Nepriaznivý vplyv občianskej vojny v bývalej Juhoslávii. 
610 2 0 |a hospodárstvo trhové 
610 2 0 |a BR 
610 2 0 |a rozvoj hospodársky 
610 2 0 |a 1991-1993 
610 2 0 |a transformácia 
610 2 0 |a reformy hospodárske 
610 2 0 |a zadlženosť zahraničná 
100 1 |a Langer, Alexandr